| 000 | 00483nam a2200181Ia 4500 | ||
|---|---|---|---|
| 003 | SGT | ||
| 020 | _a9788126526901 | ||
| 082 |
_a620.1 _bMER |
||
| 100 | _aMeriam,J.L. | ||
| 245 | _aEngineering Mechanics Statics | ||
| 250 | _a6th Ed. | ||
| 260 |
_bWiley India Pvt. Ltd. _aN.Delhi _c2010 |
||
| 300 | _a510p. | ||
| 650 | _aMECHANICAL ENGINEERING | ||
| 653 | _aINTRODUCTION TO STATICS, FORCE SYSTEMS, STRUCTURES, DISTIRBUTED FORCES | ||
| 700 | _aKraige,L.G | ||
| 942 |
_2ddc _cBK _013 |
||
| 999 |
_c5218 _d5218 |
||